Statystyki dla Zawody w, których pracują zazwyczaj kobiety

Kliknij tutaj aby rozwiązać quiz!

Ogólne statystyki

  • Ten quiz został rozwiązany 512 razy
  • Średni wynik to 4 z 7

Statystyki odpowiedzi

Odpowiedzi% Poprawnych
Nauczycielka
68%
Pielęgniarka
66%
Sprzątaczka
60%
Fryzjerka
57%
Kosmetyczka
50%
Sekretarka
31%
Modelka
23%

Rozkład punktacji

Percentyl według liczby udzielonych odpowiedzi

Procent ludzi z każdym wynikiem

Twoja historia wyników

Nie rozwiązałeś tego quizu